Academic Writing for Graduate Students : (رقم التسجيلة. 31496)

تفاصيل مارك
000 -الفاتح
حقل البيانات ثابتة الطول 01384cam a2200349 i 4500
001 - رقم الضبط
رقم الضبط 17692542
003 - محدد رقم الضبط
رقم الضبط OSt
005 - وقت وتاريخ اخر تعامل مع التسجيلة
رقم الضبط 20150408114145.0
008 - عناصر البيانات ثابتة الطول - معلومات عامة
حقل البيانات ثابتة الطول 130410s2012 miua b 001 0 eng d
010 ## - رقم ضبط مكتبة الكونجرس
رقم ضبط مكتبة الكونجرس 2012454741
020 ## - الرقم الدولى المعيارى للكتب
الرقم الدولى المعيارى للكتاب 9780472034758 (Paperback : acidfree paper)
020 ## - الرقم الدولى المعيارى للكتب
الرقم الدولى المعيارى للكتاب 0472034758 (Paperback : acidfree paper)
035 ## - رقم ضبط النظام
رقم ضبط النظام (OCoLC)ocn785067273
040 ## - مصدر الفهرسة
وكالة الفهرسة الأصلية BTCTA
لغة الفهرسة eng
وكالة النسخ BTCTA
قواعد الوصف rda
وكالة التعديل YDXCP
-- SVP
-- BWX
-- NDD
-- TPH
-- DLC
042 ## - رمز التحقق
رمز التحقق lccopycat
050 00 - رقم طلب مكتبة الكونجرس
رقم التصنيف PE1408
رقم المادة .S7836 2012
082 ## - رقم تصنيف ديوى العشرى
رقم الطبعة 22
رقم التصنيف 428.24
رقم المادة SJA
100 1# - المدخل الرئيسى - إسم شخصى
الإسم الشخصى Swales, John M.,
التواريخ المصاحبة للاسم 1938-
9 (RLIN) 35633
245 10 - بيان العنوان
العنوان Academic Writing for Graduate Students :
بقية العنوان Essential Tasks and Skills /
بيان المسئوليه,etc John M. Swales & Christine B. Feak.
250 ## - بيان الطبعة
بيان الطبعة 3rd edition.
300 ## - الوصف المادى
التعداد xiv, 418 p. :
تفاصيل ماديه اخرى للوعاء ill. ;
أبعاد الوعاء 23 cm.
490 0# - بيان السلسلة
عنوان السلسلة Michigan Series in English for Academic & Professional Purposes
504 ## - تبصرة ببليوجرافية
تبصرة ببليوجرافية,الخ Includes bibliographical references and index.
650 #0 - المدخل الاضافى بالموضوع-مصطلح موضوعى
مصطلح موضوعي أو اسم جغرافي كعنصر مدخل English language
التقسيم الفرعي العام Rhetoric.
650 #0 - المدخل الاضافى بالموضوع-مصطلح موضوعى
مصطلح موضوعي أو اسم جغرافي كعنصر مدخل English language
التقسيم الفرعي الشكلي Textbooks for foreign speakers.
650 #0 - المدخل الاضافى بالموضوع-مصطلح موضوعى
مصطلح موضوعي أو اسم جغرافي كعنصر مدخل Academic writing
التقسيم الفرعي الشكلي Problems, exercises, etc.
9 (RLIN) 38358
700 1# - المدخل الاضافى - اسم شخصى
الإسم الشخصى Feak, Christine B.
9 (RLIN) 38359
856 42 - الوصول و الموقع الالكترونى
مواد محددة Publisher description
معرف المصدر الموحد <a href="http://www.loc.gov/catdir/enhancements/fy1312/2012454741-d.html">http://www.loc.gov/catdir/enhancements/fy1312/2012454741-d.html</a>
906 ## - عنصر بيانات محلى F, LDF (RLIN)
a 0
b ibc
c copycat
d 2
e ncip
f 20
g y-gencatlg
942 ## - عناصر المدخل الإضافي( كوها)
مصدر التصنيف او مخطط الترفيف Dewey Decimal Classification
Koha [default] item type كتاب
المقتنيات
حالة الفقد نموذج السعر الفعال حالة تلف ليس للاعارة رقم الطلب تاريخ الاكتساب الموقع الحالي الباركود الفرع الرئيسي Date last checked out Date last seen نوع المادة فى نظام كوها مصدر التصنيف او خطة الترفيف Total Checkouts
  2013-10-27     428.24 SJA 2013-10-27 المكتبة المركزية بالمجمعة (CL) 00402211 المكتبة المركزية بالمجمعة (CL) 2014-02-09 2014-05-28 كتاب Dewey Decimal Classification 1
  2013-10-27     428.24 SJA 2013-10-27 المكتبة المركزية بالمجمعة (CL) 00402212 المكتبة المركزية بالمجمعة (CL)   2013-10-27 كتاب Dewey Decimal Classification  
  2013-10-27     428.24 SJA 2013-10-27 المكتبة المركزية بالمجمعة (CL) 00402213 المكتبة المركزية بالمجمعة (CL)   2013-10-27 كتاب Dewey Decimal Classification  
  2019-11-22     428.24 SJA 2019-11-22 المكتبة المركزية بالمجمعة (CL) 00158658 كلية الشريعة والقانون - طالبات 2020-02-05 2021-10-05 كتاب Dewey Decimal Classification 1
  2019-11-22     428.24 SJA 2019-11-22 قسم الاجراءات الفنية (IC) 00158656 قسم الاجراءات الفنية (IC)   2019-11-22 كتاب Dewey Decimal Classification  
  2019-11-22     428.24 SJA 2019-11-22 قسم الاجراءات الفنية (IC) 00158657 قسم الاجراءات الفنية (IC)   2019-11-22 كتاب Dewey Decimal Classification  
  2019-11-22     428.24 SJA 2019-11-22 مكتبة كلية التمريض - طالبات (CNF) 00158652 مكتبة كلية التمريض - طالبات (CNF)   2019-11-22 كتاب Dewey Decimal Classification  
  2019-11-22     428.24 SJA 2019-11-22 مكتبة كلية التمريض - طالبات (CNF) 00158653 مكتبة كلية التمريض - طالبات (CNF)   2019-11-22 كتاب Dewey Decimal Classification  
  2019-11-22     428.24 SJA 2019-11-22 مكتبة كلية التمريض - طلاب (CNM) 00158654 مكتبة كلية التمريض - طلاب (CNM)   2019-11-22 كتاب Dewey Decimal Classification  
  2019-11-22     428.24 SJA 2019-11-22 مكتبة كلية التمريض - طلاب (CNM) 00158655 مكتبة كلية التمريض - طلاب (CNM)   2019-11-22 كتاب Dewey Decimal Classification  
  2013-10-27     428.24 SJA 2013-10-27 مكتبة مجمع الكليات بالزلفى - طلاب (SZM) 00402214 مكتبة مجمع الكليات بالزلفى - طلاب (SZM)   2013-10-27 كتاب Dewey Decimal Classification  
  2013-10-27     428.24 SJA 2013-10-27 مكتبة مجمع الكليات بالزلفى - طلاب (SZM) 00402215 مكتبة مجمع الكليات بالزلفى - طلاب (SZM)   2013-10-27 كتاب Dewey Decimal Classification